| 000 | 00749nam a22001695i 4500 | ||
|---|---|---|---|
| 001 | 171232 | ||
| 003 | ES-MaACL | ||
| 005 | 20230906214555.0 | ||
| 008 | 090506s1867 sp |||| | spa d | ||
| 100 | 1 |
_aDiana, Manuel Juan. _944103 |
|
| 245 | 1 | 0 |
_aReceta contra las suegras _b: comedia original en un acto / _cpor Manuel Juan Diana. |
| 250 | _a3ª ed. | ||
| 260 |
_aMadrid : _b[s.n.], _c1867 ( _fImp. de José Rodríguez) |
||
| 300 |
_a29 p. ; _c18 cm. |
||
| 500 | _aEn port.: Representada por primera vez en el teatro del Príncipe el día 21 de diciembre de 1862. | ||
| 852 |
_aES-MaACL _jF-8591(5) _z.- Enc. pasta española _q.- Falto de la cub. original _z.- Enc. en un vol. facticio formando parte de la col. "Teatro español moderno", vol. 44 |
||
| 999 |
_c171232 _d171232 |
||